| 000 | 00611nam a22002177a 4500 | ||
|---|---|---|---|
| 003 | dpl | ||
| 005 | 20180810131440.0 | ||
| 008 | 180810b xxu||||| |||| 00| 0 eng d | ||
| 010 | _aB-107957 | ||
| 020 | _a8187746467 | ||
| 035 | _aB-107957, B-107960 | ||
| 040 | _cdpl | ||
| 082 | _a270.32 | ||
| 100 | _aSingh, N.K. | ||
| 245 |
_aProphet Muhammad and his companions / _cN.K. Singh |
||
| 260 |
_aDelhi _bGlobal Vision Publishing House _c2003 |
||
| 270 |
_a19A/E, G.T.B. Enclave _bDelhi _e110093 |
||
| 300 |
_a398p. _c24cm |
||
| 500 | _aIncludes index | ||
| 942 |
_2ddc _cEN _h270.32 _mPRO |
||
| 999 |
_c155747 _d155747 |
||